Klasyfikacja Medalistów Mistrzostw Polski Siatkówki Mężczyzn - Statystyki

Ogólne statystyki
  • Ten quiz został rozwiązany 186 razy
  • Średni wynik to 5 z 11
Statystyki odpowiedzi
Złote Srebrne Brązowe Suma Medali Klub % Poprawnych
9 2 3 14 Skra Bełchatów
89%
9 6 1 16 ZAKSA Kędzierzyn-Koźle
88%
3 4 8 15 Jastrzębski Węgiel
77%
7 4 7 18 Resovia Rzeszów
71%
5 8 9 22 AZS Olsztyn
46%
6 6 4 16 AZS Częstochowa
43%
8 12 8 28 Legia Warszawa
31%
5 6 3 14 AZS Warszawa
25%
3 6 5 14 Gwardia Wrocław
17%
14 3 2 19 AZS AWF Warszawa
12%
2 6 3 11 Hutnik Nowa Huta
1%
Nie znaleziono quizów pasujących do podanych kryteriów
Rozkład punktacji
Procent ludzi z każdym wynikiem
Percentyl według liczby udzielonych odpowiedzi
Twoja historia wyników
Nie rozwiązałeś tego quizu